| 000 | 01063nam0a2200301 4500 | ||
|---|---|---|---|
| 001 | RU\NLR\b_ik\190891 | ||
| 005 | 20250616231107.0 | ||
| 010 |
_a978-5-7161-0224-8 _9300 |
||
| 035 | _a(NLR Aleph) 002263349 | ||
| 090 |
_a3850053 _c3850053 |
||
| 100 | _a20110629d2011 |||y0rusy50 ca | ||
| 101 | 0 | _aepo | |
| 102 | _aRU | ||
| 105 | _aac ||||||||| | ||
| 200 | 1 |
_aOrigino de la vivo sur la Tero _fNikolao Gudskov |
|
| 210 |
_aMoskvo _cImpeto _d2011 |
||
| 215 |
_a79 с. _cил., портр. _d20 |
||
| 225 | 1 | _aFamilia biblioteko | |
| 300 | _aВ вып. дан.: Происхождение жизни на Земле / Гудсков Николай Львович | ||
| 320 | _aУказ.: с. 78-79 | ||
| 517 | 0 | _aПроисхождение жизни на Земле | |
| 606 | 1 |
_aЖизнь _jПопулярные издания _xПроисхождение _91129680 _3RU\NLR\AUTH\66448529 |
|
| 686 | 1 | _aЕ01я9 | |
| 700 | 1 |
_aGudskov _bN. L. _f1953- _gNikolaj L'vovič _4070 |
|
| 801 | 0 |
_aRU _bNLR _c20110629 _gRCR |
|
| 942 | _cBOOK | ||
| 980 | _aNB | ||